Normal view
MARC view
- Gerstein, Daniel M.,
Entry Personal Name
001 - CONTROL NUMBER
- control field: 105879
003 - CONTROL NUMBER IDENTIFIER
- control field: NUST
005 - DATE AND TIME OF LATEST TRANSACTION
- control field: 20221226110004.0
008 - FIXED-LENGTH DATA ELEMENTS
- fixed length control field: 221226|| aca||aabn | a|a d
040 ## - CATALOGING SOURCE
- Original cataloging agency: NUST
- Transcribing agency: NUST
100 ## - HEADING--PERSONAL NAME
- Personal name: Gerstein, Daniel M.,
- Dates associated with a name: 1958-
670 ## - SOURCE DATA FOUND
- Source citation: Work cat.: (NUST)0: Gerstein, Daniel M., 1958-, National security and arms control in the age of biotechnology :
